00604nam a2200193Ia 4500008004100000020001300041082001600054100002100070245004300091250000800134260003600142300002900178500001900207600002700226650001500253942000700268952011800275999001700393240925s9999 xx 000 0 und d a72861983 a621.392 HAY aHayes ,John . P 0aComputer Architecture and Organization a3rd aNew York:bMc Graw HIllc,2002. axxiv,547p.bNafOriginal aIncludes Index aEngineering Technology aTechnology cBK 001040708ETaUITUbUITUd2009-05-06eF.B.Cg590.00l0o621.392 HAYpQ7934r2024-09-25 07:14:47w2024-09-25yBK c10433d10433